000
00365nam a2200133Ia 4500
008
151001s9999||||xx |||||||||||||| ||und||
100
_a
अनंत तिबिले
245
_a
खुदा का बंदा
250
_a
1
260
_b
विभासा पुस्तक महाल
260
_c
2007
300
_a
256
365
_b
18
999
_c
990030
_d
990027